000 00663nam a2200217 i 4500
001 39899
003 ES-MaACL
005 20250804063357.0
007 t|
008 030304s1967 sp ||||1| cat d
100 1 _aCandel, Francisco,
_d1925-2007
_934448
245 1 0 _aParlem-ne /
_cFrancesc Candel ; [traducció catalana de Martí Olaya].
250 _a[1ª ed.].
260 _aBarcelona, etc. :
_bBruguera,
_c[1967]
300 _a108 p. ;
_c18 cm.
490 1 _aQuaderns de cultura ;
_v37
700 1 _aOlaya, Martí.
_986676
830 0 _aQuaderns de cultura ;
_v37
_9181826
852 _aES-MaACL
_jC-34280
_bR.64273
999 _c39899
_d39899